000 00324nam a22001457a 4500
008 230622b ||||| |||| 00| 0 eng d
020 _a9780321978592
041 _aeng
080 _2FIFTH EDITION
_a51
082 _a51GAY
100 _a22
101 _aMATE
245 _aINTERMEDIATE ALGEBRA
_cGAY.M.E
942 _2udc
_cBK
999 _c60022
_d60022